| 000 | 00595nam a22002177a 4500 | ||
|---|---|---|---|
| 003 | OSt | ||
| 005 | 20140310181922.0 | ||
| 008 | 130718t xxu||||| |||| 00| 0 eng d | ||
| 020 | _a9780812046007 | ||
| 050 |
_aPR 87 _b.G73 1991 |
||
| 082 |
_aTR 820.9 _bG87 1981 |
||
| 100 |
_aGriffith, Benjamin _91730 |
||
| 245 |
_aEnglish literature / _cBenjamin Griffith |
||
| 260 |
_aNew York : _bBarron's, _cc1991. |
||
| 300 |
_a138 p. _c20 cm. |
||
| 521 | _aFaculty | ||
| 541 | _j1 | ||
| 562 | _e1 | ||
| 650 |
_aEnglish literature _xOutlines, syllabi, etc _91731 |
||
| 942 |
_2lcc _cBK-TR _kTR |
||
| 999 |
_c7008 _d7008 |
||